MARC

LEADER 00000nas a2200000 a 4500
001 ssj0000752361
003 WaSeSS
005 20200512172242.0
006 m d
007 cr n
008 110209c19uu9999enkqr p s 0 b0por c
010 |a  2012267082 
022 |a 2177-8736  |l 1809-2276  |y 1809-2276 
035 |a (WaSeSS)ssj0000752361 
040 |a AU@  |b eng  |e pn  |c AU@  |d OCLCO  |d OCLCQ  |d DOS  |d OCLCQ  |d CUS  |d OCLCF  |d OCLCO  |d OCLCQ  |d VT2  |d DLC  |d WaSeSS 
041 0 |a por  |b eng 
042 |a pcc 
050 0 0 |a HD28 
210 0 |a REGE Rev. Gest.  |b (Online) 
222 0 |a REGE Revista de Gestão  |b (Online) 
245 0 0 |a Revista de gestão  |h [electronic resource]. 
246 3 |a REGE 
260 |a São Paulo/SP :  |b Programa de Pós-graduação em Administração da FEA-USP 
260 3 |3 <2018-> :  |a Bingley :  |b Emerald 
310 |a Quarterly 
506 |a License restrictions may limit access. 
546 |a Articles in Portuguese and English; tables of contents, abstracts, and keywords in English and Portuguese. 
588 |a Description based on: V. 17, n. 1 (janeiro-março 2010); title from PDF running title (publisher website, viewed Nov. 21, 2012). 
588 |a Latest issue consulted: Volume 26, issue 2 (2019) (Emerald Insight website, viewed July 15, 2019). 
650 0 |a Management  |v Periodicals. 
650 0 |a Industrial management  |v Periodicals. 
650 0 |a Business  |v Periodicals. 
650 7 |a Business.  |2 fast  |0 (OCoLC)fst00842262 
650 7 |a Industrial management.  |2 fast  |0 (OCoLC)fst00971246 
650 7 |a Management.  |2 fast  |0 (OCoLC)fst01007141 
655 0 |a Electronic journals. 
710 2 |a Universidade de São Paulo.  |b Programa de Pós-graduação em Administração da FEA-USP. 
776 0 8 |i Print version:  |t Revista de gestão  |x 1809-2276 
850 |a DLC 
856 4 0 |z Full text available from Research Library: 01/01/2005 to present  |u https://search.proquest.com/publication/986339